000 01121nam a2200325 c 4500
003 BLK
005 20250321122933.0
008 180408b bul|||||r ||||||| ||bul||
010 _aKNG00075195000
020 _a978-954-585-781-2
_bиздат.: Бард
040 _aBLK
041 _aBUL
_cBUL
080 _aАмериканска литература (на САЩ)
_b821.111(73)
_x-312.4
_z821.111(73)-312.4
100 1 _aГрейс, Том
_eпърви автор
_9267119
700 1 _aВасилев, Петър
_eпрев.
_9366762
139 _aГрейс, Том
_bГ 79
245 1 0 _aЗловеща паяжина
_bРоман
_cТом Грейс; прев. Петър Василев.
257 _aUSA
260 София
_bБард
_c2007
300 _a317 с.
_c20 см
380 _aX
490 1 _aКралете на трилъра
500 _aОриг. загл. Twisted Web / Tom Grace.
852 _aЦб 234000
856 4 _qpdf
_u
856 4 _qpdf
_u
942 _cKNG
_n0
_029
944 _aCR
_c21.05.2007
_k30575
_lМартин Енчев
944 _aED
_c06.07.2009
_k
999 _c70832
_d70832